Historia de los ferrocarriles argentinos: con un apendice de la ley Mitre
שמור ב:
| מחבר ראשי: | |
|---|---|
| פורמט: | ספר |
| שפה: | ספרדית |
| יצא לאור: |
Buenos Aires
Plus Ultra
1983
|
| מהדורה: | 9a. ed |
| נושאים: | |
| תגים: |
הוספת תג
אין תגיות, היה/י הראשונ/ה לתייג את הרשומה!
|
MARC
| LEADER | 00000nam a2200000 a 4500 | ||
|---|---|---|---|
| 001 | UCX1760 | ||
| 003 | CL-VaPUC | ||
| 008 | 901030e19830000AG |||||||||||||||||spa|d | ||
| 082 | 0 | 4 | |a 385.0982 |b SCA |2 21 |
| 100 | 0 | |a Scalabrini Ortiz, Raúl |e author |9 317435 | |
| 245 | 1 | 0 | |a Historia de los ferrocarriles argentinos: con un apendice de la ley Mitre |
| 250 | |a 9a. ed | ||
| 300 | |a 398 p | ||
| 942 | |c BK | ||
| 945 | |d 19901030 00:00:00 | ||
| 260 | |a Buenos Aires |b Plus Ultra |c 1983 | ||
| 650 | 0 | |a Ferrocarriles |x Historia |9 314724 | |
| 651 | 0 | |a Argentina |9 254888 | |
| 583 | |a last modification |c 19901030 00:00:00 |k Rodrigo Vera | ||
| 999 | |c 222925 |d 222923 | ||
| 952 | |0 0 |1 0 |4 0 |6 385_098200000000000_SCA_1983 |7 0 |8 A |9 218237 |a BIBHIS |b BIBHIS |d 2019-11-15 |i 2870800 |o 385.0982 SCA 1983 |p 2870800 |r 2025-01-20 |w 2019-11-15 |y BK |k HIS | ||
| 952 | |0 0 |1 0 |4 0 |6 385_098200000000000_SCA_1983 |7 0 |8 A |9 218238 |a BIBHIS |b BIBHIS |d 2019-11-15 |i 3769089 |o 385.0982 SCA 1983 |p 3769089 |r 2025-01-20 |w 2019-11-15 |y BK |k HIS | ||